Les Waifus les plus populaires en images - Statistiques

Statistiques générales
  • Ce quiz a été pris 141 fois
  • Le résultat moyen est 11 sur 16
Statistiques - réponses
Par images Réponse % Correct
Nami
100%
Hinata
98%
Mikasa
95%
Erza
89%
C18
81%
Nobara
80%
Yor
78%
Misa
71%
Elisabeth
70%
Ochaco
70%
Shinobu
70%
Orihime
63%
Tatsumaki
52%
Rei
28%
Winry
27%
Ryuko
15%
Aucun quiz correspondant
Distribution des résultats
% des personnes avec chaque résultat
Percentile par nombre de réponses
Votre historique - résultats
Vous n’avez pas pris ce quiz